000
00314nam a2200133Ia 4500
005
20260328104322.0
008
260328s9999||||xx |||||||||||||| ||und||
100
_a
Bognar, Botond
245
0
_a
Japanese Architecture /
_c
Botond Bognar
260
_b
Rizzoli
300
_a
222 p.
650
_a
JAPON
942
_c
BK
999
_c
11392
_d
11392